Estatísticas para Campeões Mundial de Clubes (desde 2000)

Clique aqui para jogar o quiz

Estatísticas Gerais

  • Esse quiz foi jogado 227 vezes
  • A pontuação média é 10 de 12

Estatísticas das Respostas

Quantidade de títulosTime% Correto
5Real Madrid
100%
2Corinthians
98%
3Barcelona
97%
3Bayern de Munique
93%
1Liverpool
93%
1São Paulo
93%
1Internacional
87%
1Manchester United
83%
1Milan
83%
1 (2)Boca Juniors
73%
1Internazionale
69%
1Porto
58%

Distribuição das Pontuações

Percentil de Números Respondidos

Porcentagem de Pessoas com Cada Pontuação

Sua Pontuação Histórica

Você não jogou esse quiz